[Event "IND-ch U17"]
[Site "Haryana"]
[Date "2018.09.06"]
[Round "5"]
[White "Tuhin, Kashyap"]
[Black "Harshita, Guddanti"]
[Result "0-1"]
[WhiteElo "1616"]
[BlackElo "1972"]
[PlyCount "108"]
[EventDate "2018.09.03"]
[EventType "swiss"]
[EventRounds "11"]
[EventCountry "IND"]
[SourceTitle "CBM 186 Extra"]
[Source "ChessBase"]
[SourceDate "2018.08.24"]
[SourceVersion "1"]
[SourceVersionDate "2018.08.24"]
[SourceQuality "1"]

1. e4 e5 2. Nf3 Nc6 3. d4 exd4 4. Bc4 Nf6 5. e5 d5 6. Bb5 Ne4 7. 0-0 Bd7 8. Bxc6 bxc6 9. Nxd4 Bc5 10. Nc3 Nxc3 11. bxc3 0-0 12. Nb3 Bb6 13. a4 a5 14. Qf3 f6 15. Qg3 fxe5 16. Qxe5 Qh4 17. Nd4 Rae8 18. Qg3 Qxg3 19. hxg3 c5 20. Nb3 c4 21. Nd4 Bxd4 22. cxd4 Re2 23. c3 Rc2 24. Bf4 Rxc3 25. Bxc7 Rd3 26. Rfd1 Rxd1+ 27. Rxd1 Rc8 28. Bxa5 c3 29. Rc1 c2 30. Bd2 Bxa4 31. Be3 Kf7 32. Kf1 Ke6 33. Ke2 Kd6 34. Kd2 Kc6 35. Ra1 Kb5 36. Kc1 Rc3 37. Kb2 Rd3 38. Rxa4 Kxa4 39. Kxc2 Rb3 40. g4 Kb4 41. Kd2 Kc4 42. f4 Rb2+ 43. Ke1 Kd3 44. Bc1 Rb1 45. Kd1 Rb4 46. Ba3 Rxd4 47. Bd6 Ra4 48. Be5 g6 49. Ke1 Ke3 50. g3 d4 51. Kd1 Ra1+ 52. Kc2 d3+ 53. Kb3 d2 54. Bxa1 d1Q+ 0-1